000 01235cab a22002295a 4500
001 L149360
008 100224e2010 xxk 000 0 eng d
035 _a(Sirsi) u149360
041 0 _aeng
100 1 _aThorne, Chris
245 0 4 _aThe task ahead
_bimproving valuation standards
_h[electronic resource]
260 _c2010
490 _aRICS Commercial Property Journal
_vFebruary-March 2010, 5 (1)
520 _aCommenting on the challenge that valuation still faces to establish itself as a global profession alongside accountancy and the law. The International Valuation Standards Council (IVSC) profession recognises that, although a framework of globally accepted valuation standards are applicable to all classes of asset and liabilities are an essential prerequisite to building a credible valuation profession, this on its own is not enough.
590 _aka
650 2 4 _aINTERNATIONAL VALUATION STANDARDS COUNCIL (IVSC)
650 2 4 _aINTERNATIONAL VALUATION STANDARDS
651 4 _aUnited Kingdom
_y
690 _aPROPERTY-PROPERTY APPRAISAL AND VALUATION
856 4 8 _uhttps://www.rics.org/site/download_feed.aspx?fileID=5760&fileExtension=PDF
_zView this item (member-only access) at www.rics.org
942 _n0
999 _c82155
_d82155